000 00957nam a22002657a 4500
001 8141
003 FISKH
005 20250828113300.0
008 250828b cb ||||| |||| 00| 0 eng d
020 _a9781407135564
040 _aFISKH
_beng
_cFISKH
_dFISKH
082 _a823.92
100 _aWebb, Holly
245 _aBirdmagic :
_bAnimal magic /
_cHolly Webb
250 _aThis edition published in 2013
260 _aLondon :
_bScholastic Children's Books,
_c2010
300 _a165 pages :
_c20 cm
505 _aR
520 _aLottie is excited to discover that the magic pet shop's grumpy old parrot is really a phoenix! He's a magical firebird who can transform into any bird he likes and has lots of special powers. He grants her a tail feather to make a wish - but what should she ask for?
521 8 _a660
_bLexile estimate
521 8 _aR
_bRaz-Plus
650 _aAnimals
_vLiterature
942 _2ddc
_cBK
_n0
999 _c8141
_d8141